12 Children's Literature Questions - Statistics

General Stats
  • This quiz has been taken 319 times
  • The average score is 3 of 12
Answer Stats
Hint Answer % Correct
"Harry Potter and the Philosopher's Stone" is called "Harry Potter and the (...) Stone" in America Sorcerer's
72%
The first Spiderwick Chronicles book was published when? (2001, 2003, 2005) 2003
54%
Which Roald Dahl book features tortoises? Esio Trot
32%
Rudyard Kipling, author of the jungle book also wrote a short story about a valiant mongoose. What was the mongoose's name? Riki- Tiki- Tavi
27%
"I give myself very good advice, but I very seldom follow it" says who? Alice
20%
Who wrote "The Gruffalo"? Julia Donaldson
20%
"If you live to be 100, I want to live to be 100 minus one day so I never have to live without you" says who? Piglet
19%
The spell "Wingardium Leviosa" from Harry Potter does what? Makes things fly
8%
"Coram Boy" was written by...? Jamila Gavin
5%
In the book the "Girraffe, the Pelly and Me", a grubber is a what? Sweet Shop
3%
Terry Pratchett's most famous cat is called... **HINT** The Amazing... The Amazing Maurice
2%
Steve Augard wrote which popular fairy story? The Various
1%
No matching quizzes found
Score Distribution
Percent of People with Each Score
Percentile by Number Answered
Your Score History
You have not taken this quiz